| 000 | 00893nam a2200265 a 4500 | ||
|---|---|---|---|
| 001 | 57870 | ||
| 003 | BD-RjUL | ||
| 005 | 20211209080548.0 | ||
| 008 | 161219s1993 nyua b 001 0 eng | ||
| 020 | _a0824787730 (alk. paper) | ||
| 035 | _a(BD-RjUL)57994 | ||
| 040 |
_aDLC _cDLC _dBD-RjUL _beng |
||
| 041 | _aeng | ||
| 082 | 0 | 0 |
_a336 _223 _bHAN 1993 |
| 245 | 0 | 0 |
_aHandbook of comparative public budgeting and financial management / _cedited by Thomas D. Lynch, Lawrence L. Martin. |
| 260 |
_aNew York : _bMarcel Dekker, _cc1993. |
||
| 300 |
_ax, 330 p. : _bill. ; _c23 cm. |
||
| 504 | _aIncludes bibliographical references and index. | ||
| 650 | 0 |
_aFinance, Public. _9174680 |
|
| 650 | 0 |
_aBudget. _9174681 |
|
| 700 | 1 |
_aLynch, Thomas Dexter, _d1942- _9174682 |
|
| 700 | 1 |
_aMartin, Lawrence L. _9174683 |
|
| 942 |
_2ddc _cBK |
||
| 999 |
_c57870 _d57870 |
||